| 000 | 00753nam a2200229Ia 4500 | ||
|---|---|---|---|
| 001 | 11239 | ||
| 003 | GE_BSU | ||
| 008 | 181216s||||||||xx |||||||||||||| ||und|| | ||
| 040 | _cGE_BSU | ||
| 080 | _a630(075.8) | ||
| 100 | _aკანდელაკი თეიმურაზ | ||
| 245 | _aსატყეო მარკეტინგი | ||
| 245 | _bსახელმძღვ. სატყეო სპეც. სტუდენტებისათვის | ||
| 245 | _cრედ: გივი ჯაფარიძე | ||
| 260 | _aთბილისი. | ||
| 260 | _b/გ.გ./ | ||
| 260 | _c2010 | ||
| 300 | _a283გვ.21სმ. | ||
| 541 | _h10ლ. | ||
| 653 | _aსატყეო მარკეტინგი | ||
| 942 | _cBK | ||
| 999 |
_c44469 _d44469 |
||